000 01127cam a22002891 4500
001 gs 41000089
003 DLC
005 20260227111346.0
008 891025s1939 sw a b 000 0 swe c
010 _ags 41000089
035 _a(OCoLC)20546848
040 _aU.S. Geol. survey. Library
_cCU
_dCU
_dDLC
042 _apremarc
050 0 0 _aQE282
_b.A3 ser. C, no. 429
082 _a554.85 s
100 1 _aThorslund, Per,
_d1900-
245 0 0 _aKvartärgeologiska iakttagelser inom östra storsjöomradet i Jämtland,
_cav Per Thorslund ...
260 _aStockholm,
_bKungl. Boktryckeriet, P.A. Norstedt & Söner,
_c1939.
300 _a15 p.
_billus., diagrs.
_c24 cm.
490 1 _a[Sweden] Sveriges geologiska undersökning. Ser. c. Avhandlingar och uppsatser.
_vn:o 429. Årsbok 33 (1939) n:o 9
504 _a"Litteratur": p. 15.
650 0 _aGeology
_zSweden
_zJämtlands län.
650 0 _aGeology, Stratigraphic
_yQuaternary.
650 0 _aGlacial epoch
_zSweden
_zJämtlands län.
830 0 _aSer. C--Avhandlingar och uppsatser.
_vn:o 429.
830 0 _aÅrsbok (Sveriges geologiska undersökning) ;
_v33 : n:o 9.
999 _c27721
_d27721